Oceňovanie podnikov z pohľadu investičných príležitostí autoreferát dizertačnej práce

Gespeichert in:
Bibliographische Detailangaben
1. Verfasser: Balušík, Milan
Körperschaft: Národohospodárska fakulta EU. Katedra hospodárskej politiky
Weitere Verfasser: Moravčík, Alexander
Format: Buch
Sprache:Slowakisch
Veröffentlicht: Bratislava 2006
Schlagworte:
Tags: Tag hinzufügen
Keine Tags, Fügen Sie das erste Tag hinzu!

MARC

LEADER 00000nam$a2200000$$$4500
001 0043021
005 20240104135121.7
041 0 |a slo 
044 |a SK 
245 1 0 |a Oceňovanie podnikov z pohľadu investičných príležitostí  |b autoreferát dizertačnej práce  |c Milan Balušík ; školiteľ: Alexander Moravčík 
264 1 |a Bratislava  |c 2006 
300 |a 26 s. 
610 2 0 |a podnik 
610 2 0 |a oceňovanie ekonomické 
610 2 0 |a investície 
610 2 0 |a hodnota podniku 
100 1 |a Balušík, Milan 
700 1 |a Moravčík, Alexander 
710 2 |a Národohospodárska fakulta EU. Katedra hospodárskej politiky